Normal view MARC view

Entry Nome pessoal

Number of records used in: 3

001 - NÚMERO DE CONTROLE

  • campo de controle: 360

003 - IDENTIFICADOR DO NÚMERO DE CONTROLE

  • campo de controle: Br

005 - DATA E HORÁRIO DA ÚLTIMA TRANSAÇÃO

  • campo de controle: 20250203080657.0

008 - CAMPO DE DADOS FIXOS

  • campo de controle de tamanho fixo: 990629|| acnnnaab| aaaa d

035 ## - NÚMERO DE CONTROLE DO SISTEMA

  • Número de Controle do Sistema: 99062911104248E50

040 ## - FONTE DA CATALOGAÇÃO

  • Instituição da catalogação original: Br
  • Instituição que transcreveu o registro: Br

100 1# - CABEÇALHO--NOME PESSOAL

  • Nome pessoal: Delinsky, Barbara,
  • Datas associadas ao nome: 1945-

500 1# - VEJA TAMBÉM COM O RASTREAMENTO - NOME PESSOAL

  • Nome pessoal: Douglass, Billie.

500 1# - VEJA TAMBÉM COM O RASTREAMENTO - NOME PESSOAL

  • Nome pessoal: Drake, Bonnie.

670 ## - FONTE POSITIVA DOS DADOS

  • Citação da fonte positiva dos dados: Autora de: Fantasias de paixão. c1994.

670 ## - FONTE POSITIVA DOS DADOS

  • Citação da fonte positiva dos dados: http://authorities.loc.gov 5/5/09
  • Dados encontrados na fonte localizada no subcampo: (d.n. ; refs.)

670 ## - FONTE POSITIVA DOS DADOS

  • Citação da fonte positiva dos dados: http://en.wikipedia.org/wiki/Barbara_Delinsky
  • Dados encontrados na fonte localizada no subcampo: (nasceu em 9 e agosto de 1945, em Boston. Escritora americana)

856 ## - LOCALIZAÇÃO ELETRÔNICA E ACESSO

  • Uniform Resource Identifier: http://www.barbaradelinsky.com/
  • Nota pública: Delinsky, Barbara

Powered by Koha